000 00356nam a2200133Ia 4500
008 211109s9999||||xx |||||||||||||| ||und||
082 _a543.08586
_bKUM-G
100 _aKumaradasa,
245 0 _aGanakiharranam, [i-X] Edn
260 _bNATIONAL BOOKSTALL
_aKottayam
_c1907
630 _xGeneral Stack
650 _aNatural Sciences
_xChemistry
942 _cBOOK
999 _c1117
_d1117